000 00591nam a22002177a 4500
003 UA-OsUOA
001 97505
007 ta
008 20130402b un ||||| |||| 00| 0 ukr d
100 _aНалковська З.
090 _a821.161.1
_bН23
942 _cBK
040 _aUA-OsUOA
_bukr
_cUA-OsUOA
_dUA-OsUOA
245 _aРоман Терези Геннер. Межа
_bромани
300 _a422 с.
955 _a3
041 _aukr
080 _a821.161.1
260 _aК.
_bДніпро
_c1978
650 7 _a82 Література. Літературознавство
_2UDC
999 _c383754
_d383754